Минералогия кристаллохимия титана / (Record no. 41067)
[ view plain ]
| 000 -LEADER | |
|---|---|
| fixed length control field | 01071-am-a2200241-a-4500 |
| 001 - CONTROL NUMBER | |
| control field | 000124392 |
| 003 - CONTROL NUMBER IDENTIFIER | |
| control field | AM-YEHGA |
| 005 - DATE AND TIME OF LATEST TRANSACTION | |
| control field | 20250617122619.0 |
| 008 - FIXED-LENGTH DATA ELEMENTS--GENERAL INFORMATION | |
| fixed length control field | 981118s1976 xxu 000 0 rus u |
| 020 ## - INTERNATIONAL STANDARD BOOK NUMBER | |
| Terms of availability | 1.04 |
| 040 ## - CATALOGING SOURCE | |
| Original cataloging agency | AM-YeHGA |
| 090 ## - LOCALLY ASSIGNED LC-TYPE CALL NUMBER (OCLC); LOCAL CALL NUMBER (RLIN) | |
| -- | 41733 |
| 100 10 - MAIN ENTRY--PERSONAL NAME | |
| Personal name | Пятенко, Ю.А. |
| 245 10 - TITLE STATEMENT | |
| Title | Минералогия кристаллохимия титана / |
| Statement of responsibility, etc. | Ю.А. Пятенко, А.А. Воронков, З.В. Пудовкина : Отв. ред. Александров. |
| 260 0# - PUBLICATION, DISTRIBUTION, ETC. | |
| Place of publication, distribution, etc. | Москва : |
| Name of publisher, distributor, etc. | Наука , |
| Date of publication, distribution, etc. | 1976. |
| 300 ## - PHYSICAL DESCRIPTION | |
| Extent | 155 с. |
| 550 ## - ISSUING BODY NOTE | |
| Issuing body note | АН СССР. Мин-во геологии СССР. Ин-т минералогии, геохимии и кристаллохимии редких элементов |
| 650 #4 - SUBJECT ADDED ENTRY--TOPICAL TERM | |
| Topical term or geographic name entry element | Геология |
| 700 1# - ADDED ENTRY--PERSONAL NAME | |
| Personal name | Воронков, А.А. |
| 700 1# - ADDED ENTRY--PERSONAL NAME | |
| Personal name | Пудовкина, З.В. |
| 700 1# - ADDED ENTRY--PERSONAL NAME | |
| Personal name | Александров, В.Б. |
| Relationship | edt |
| 710 2# - ADDED ENTRY--CORPORATE NAME | |
| Corporate name or jurisdiction name as entry element | Ин-т минералогии, геохимии и кристаллохимии редких элементов АН СССР (ИМГРЭ) |
| Withdrawn status | Lost status | Source of classification or shelving scheme | Damaged status | Not for loan | Collection | Home library | Current library | Date acquired | Total checkouts | Full call number | Barcode | Date last seen | Price effective from | Koha item type | Public note |
|---|---|---|---|---|---|---|---|---|---|---|---|---|---|---|---|
| Universal Decimal Classification | General | Fundamental Scientific Library | Fundamental Scientific Library | 21/12/2016 | PII/370140 | FL0340451 | 21/12/2016 | 21/12/2016 | Գրքեր / Books | 30 Days Loan |
ՀՀ Գիտությունների ազգային ակադեմիայի հիմնարար գիտական գրադարան = Fundamental Scientific Library of NAS RA
All site content, except where otherwise noted, is licensed under a